[Event "GER-ch66 V04 email"]
[Site "GER email"]
[Date "2011.??.??"]
[Round "?"]
[White "Koerber, Bernhard"]
[Black "Ryseck, Werner"]
[Result "1-0"]
[WhiteElo "2152"]
[BlackElo "1910"]
[PlyCount "59"]
[EventDate "2011.10.01"]
[EventType "tourn (corr)"]
[EventRounds "8"]
[EventCountry "GER"]
[SourceTitle "Corr 2015"]
[Source "ChessBase"]
[SourceDate "2015.07.17"]
[SourceVersion "1"]
[SourceVersionDate "2015.07.17"]
[SourceQuality "1"]

1. e4 e6 2. d4 d5 3. Nc3 Nf6 4. Bg5 Be7 5. e5 Nfd7 6. h4 Bxg5 7. hxg5 Qxg5 8. Nh3 Qh6 9. g3 a6 10. f4 c5 11. Nf2 Qg6 12. g4 f6 13. f5 Qf7 14. fxe6 Qxe6 15. Bg2 cxd4 16. Nxd5 Qxe5+ 17. Kf1 Nc6 18. Qd3 Kf7 19. Re1 Qd6 20. Ne4 Qxd5 21. Qg3 Qe5 22. Nd6+ Kf8 23. g5 h5 24. Bxc6 bxc6 25. Rxe5 Nxe5 26. Qf4 Ke7 27. gxf6+ gxf6 28. Ne4 Ng4 29. Rh4 Ke8 30. Qd6 1-0